Statistics for Random Eurovision Entries 2010-2019

Click here to take the quiz!

General Stats

  • This quiz has been taken 88 times
  • The average score is 24 of 30

Answer Stats

Year Rank Artist Song Answer % Correct
20121LoreenEuphoriaSweden
98%
20182Eleni FoureiraFuegoCyprus
96%
20195KEiiNOSpirit in the SkyNorway
95%
201920SerhatSay Na Na NaSan Marino
95%
20151Mans ZelmerlowHeroesSweden
95%
20171Salvador SobralAmar Pelos DoisPortugal
95%
20111Ell & NikkiRunning ScaredAzerbaijan
91%
201919Victor CroneStormEstonia
91%
20131Emmelie de ForestOnly TeardropsDenmark
91%
20176Francesco GabbaniOccidentali's KarmaItaly
89%
20163Sergey LazarevYou Are The Only OneRussia
89%
20186Mikolas JosefLie To MeCzechia
89%
20173Sunstroke ProjectHey MammaMoldova
88%
20154Loic NottetRhythm InsideBelgium
86%
201816Ryan O'ShaughnessyTogetherIreland
83%
20155Guy SebastianTonight AgainAustralia
81%
20164Poli GenovaIf Love Was A CrimeBulgaria
80%
201012Jessy MatadorAllez Olla OleFrance
80%
20136Koza Mostra ft. Agathon IakovidisAlcohol is FreeGreece
80%
20108Giorgos Alkaios & FriendsOPAGreece
79%
20103Paula Seling & OviPlaying With FireRomania
79%
201216Ivi AdamouLa La LoveCyprus
78%
201619FreddiePioneerHungary
73%
201413SebalterHunter Of StarsSwitzerland
67%
20115A Friend In LondonNew TomorrowDenmark
65%
201415PollaponkNo PrejudiceIceland
65%
20128Roman LobStanding StillGermany
63%
20138GianlucaTomorrowMalta
60%
201411SoftengineSomething BetterFinland
58%
201112Zdob si ZdubSo LuckyMoldova
53%

Score Distribution

Percentile by Number Answered

Percent of People with Each Score

Your Score History

You have not taken this quiz